El Pasdoble / de Llorenç Capellà ; pròleg d'Antoni Serra
Descripción Física:
47 p. ; 18 cm
Colección:
Biblioteca teatral ; 31
Otros Autores:
Serra, Antoni, pr
MARC
| LEADER | 00000nam a2200000Ia 4500 | ||
|---|---|---|---|
| 001 | 2114 | ||
| 008 | 160829s1985 xx 000 0 cat d | ||
| 080 | |a L-1-220 | ||
| 100 | |a Capellà, Llorenç |9 30728 | ||
| 245 | |a El Pasdoble / de Llorenç Capellà ; pròleg d'Antoni Serra | ||
| 260 | |a Barcelona : |b Institut del Teatre de la Diputació de Barcelona : |b Edicions del Mall, |c 1985 | ||
| 300 | |a 47 p. ; |c 18 cm | ||
| 490 | |a Biblioteca teatral ; 31 | ||
| 590 | |a Premi Ignasi Iglésias 1983 | ||
| 700 | |a Serra, Antoni, pr. |9 30729 | ||
| 710 | 1 | |a Institut del Teatre (Barcelona, Catalunya) |9 52662 | |
| 901 | |a Arxiu | ||
| 942 | |n 1 | ||
| 952 | |0 0 |1 0 |4 0 |6 L1220 |7 1 |9 45501 |a Arxiu |b Arxiu |d 2016-12-01 |l 0 |o L-1-220 |p 2114 |r 2016-12-01 00:00:00 |w 2016-12-01 |y ARXIU | ||
| 999 | |c 48666 |d 48666 | ||